000 00207 a2200097 4500
020 _a9789992476192
041 _aspa
100 _aChamorro, Alonso
245 _a34 pasos para construir tu futuro
942 _cBK
999 _c31972
_d31970